Manual de alumbrado

Bibliographic Details
Main Author: Teja Pérez, Fermin
Format: Section = Libro
Language:Undetermined
Spanish
Published: La Habana Revolucionaria 1973
Edition:2a.ed.
Subjects:
LEADER 00454nam a2200181Ia 4500
008 240829s9999 xx 000 0 und d
040 |a BIBLIOTECA-RUSB/ 621.32 T266 
041 |a spa 
082 |a 621.32 T266 
100 1 |a Teja Pérez, Fermin 
245 1 0 |a Manual de alumbrado 
250 |a 2a.ed. 
260 |a La Habana  |b Revolucionaria  |c 1973 
300 |a p. irreg. :il. 
650 7 |a ILUMINACION Y ALUMBRADO 
942 |c BK  |2 ddc 
991 |a TEXTO 
999 |c 3222